Normal view
MARC view
- الرسم-كيف نرسم-فنون
Entry Topical Term
001 - CONTROL NUMBER
- control field: 36284
003 - CONTROL NUMBER IDENTIFIER
- control field: JO-AjAnu
005 - DATE AND TIME OF LATEST TRANSACTION
- control field: 20230606080047.0
008 - FIXED-LENGTH DATA ELEMENTS
- fixed length control field: 230606|| aca||aabn | a|a d
040 ## - CATALOGING SOURCE
- Original cataloging agency: JO-AjAnu
- Transcribing agency: JO-AjAnu
150 ## - HEADING--TOPICAL TERM
- Topical term or geographic name entry element: الرسم-كيف نرسم-فنون
670 ## - SOURCE DATA FOUND
- Source citation: Work cat.: (JO-AjAnu)18628: تأليف حميد، موفق, author 36283, كيف نرسم